[Event "BL2-N8990"]
[Site "Germany"]
[Date "1990.??.??"]
[Round "?"]
[White "Herrmann, M."]
[Black "Hegeler, Frank"]
[Result "1/2-1/2"]
[WhiteElo "2265"]
[BlackElo "2245"]

1.Nf3 Nf6 2.c4 g6 3.g3 Bg7 4.Bg2 O-O 5.O-O d6 6.d4 Nbd7 7.Nc3 e5 8.h3 c6
9.e4 Qb6 10.d5 Nc5 11.Ne1 cxd5 12.cxd5 Bd7 13.Qe2 Rfc8 14.Be3 Qb4 15.f3 Na4
16.Nxa4 Qxa4 17.Rf2 Nh5 18.Kh2 f5 19.exf5 gxf5 20.f4 Be8 21.g4 exf4 22.gxh5 fxe3
23.Qxe3 Be5+ 24.Kh1 Bxh5 25.Rxf5 Bg6 26.Rg5 Re8 27.Rg4 Qd7 28.Qd2 Kh8 29.Nf3 Bf5
30.Nxe5 Rxe5 31.Rg3 Rae8  1/2-1/2

[Event "BL2-S8990"]
[Site "Germany"]
[Date "1990.??.??"]
[Round "?"]
[White "Baldauf, Markus"]
[Black "Migl, Dieter"]
[Result "0-1"]
[WhiteElo "2280"]
[BlackElo "2235"]

1.Nf3 Nf6 2.c4 g6 3.g3 Bg7 4.Bg2 O-O 5.Nc3 d6 6.O-O Nc6 7.Rb1 a5 8.a3 e5
9.b4 axb4 10.axb4 h6 11.b5 Ne7 12.Bb2 Be6 13.d3 Qd7 14.Re1 Bh3 15.Bh1 Ng4
16.Ra1 f5 17.Qb3 Kh7 18.Nd5 g5 19.Nxe7 Rxa1 20.Rxa1 Qxe7 21.Nd2 b6 22.Ra8 e4
23.Rxf8 e3 24.Rxf5 exd2 25.Be4 Kh8 26.Bxg7+ Qxg7 27.Qd1 Nf6 28.Rf3 d5 29.Bxd5 Nxd5
30.cxd5 Qb2 31.Rf8+ Kg7 32.Ra8 Qxb5 33.f3 Qc5+ 34.Kh1 Qf2 35.Qa1+ Kf7 36.Rf8+ Kxf8
37.Qf6+ Ke8 38.Qg6+ Kd7 39.Qc6+ Kd8  0-1

[Event "BL2-S8990"]
[Site "Germany"]
[Date "1990.??.??"]
[Round "?"]
[White "Ramos, Domingo"]
[Black "Reich, Thomas"]
[Result "1-0"]
[WhiteElo "2330"]
[BlackElo "2330"]

1.Nf3 Nf6 2.g3 g6 3.Bg2 Bg7 4.c4 O-O 5.O-O c6 6.d4 d5 7.Qb3 dxc4 8.Qxc4 Be6
9.Qa4 b5 10.Qc2 Bf5 11.Qd2 Qb6 12.Nc3 Ne4 13.Qf4 Nxc3 14.bxc3 Nd7 15.Qh4 f6
16.Bh3 g5 17.Qh5 Bg6 18.Be6+ Kh8 19.Qh3 Nb8 20.Ba3 Na6 21.Bf5 Kg8 22.Bxg6 hxg6
23.Qe6+ Rf7 24.h4 Re8 25.hxg5 c5 26.Qxb6 axb6 27.Rab1 Ra8 28.Bc1 Nc7 29.Rb2 Nd5
30.Bd2 f5 31.Rxb5 Rxa2 32.dxc5 bxc5 33.Rxc5 e6 34.c4 Rc7 35.Rxc7 Nxc7 36.Rc1 e5
37.Be3 Ne6 38.c5 f4 39.gxf4 exf4 40.Bd2 Bf8 41.c6 Bd6 42.Kf1 Bc7 43.Bc3 Kf7
44.Be5 Ra8 45.Rd1 Rd8 46.Rxd8 Bxd8 47.Kg2 Ke8 48.Kh3 Bb6 49.Kg4 Bxf2 50.Bxf4 Bb6
51.Bd6 Be3 52.c7 Kd7 53.Ne5+ Kc8 54.Nxg6 Nxc7 55.Ne7+ Kd7 56.Bxc7 Kxe7 57.Kf5 Kf7
58.Be5 Kg8 59.g6 Kf8 60.Ke6 Ke8 61.Bf6 Kf8 62.Kd5 Ke8 63.Bd4 Bg5 64.Bc5 Bh6
65.Ke6  1-0

[Event "Gistrup"]
[Site "Gistrup"]
[Date "1990.??.??"]
[Round "1"]
[White "Sorensen, Bent"]
[Black "Mann, Christian"]
[Result "0-1"]
[WhiteElo "2320"]
[BlackElo "2305"]

1.Nf3 Nf6 2.c4 g6 3.g3 Bg7 4.Bg2 O-O 5.O-O c6 6.d3 d5 7.Nbd2 Na6 8.Rb1 Re8
9.b4 dxc4 10.Nxc4 Nd5 11.Bd2 Nc3 12.Bxc3 Bxc3 13.b5 cxb5 14.Rxb5 Bg7 15.Qb1 Nc7
16.Rb3 Nd5 17.d4 b6 18.Nfe5 Bb7 19.e4 Nf6 20.Rd1 Qc7 21.Na5 Ba6 22.Nac6 Nd7
23.Rc1 Nxe5 24.Nxe5 Qd6 25.Nc6 Bb7 26.e5 Qd7 27.d5 Rac8 28.f4 e6 29.Rd3 Bf8
30.Qb5 exd5 31.Bxd5 Bc5+ 32.Rxc5 bxc5 33.Nxa7 Qxb5 34.Nxb5 c4 35.Rd1 Bxd5
36.Rxd5 c3 37.Rd1 Rc5 38.Nd6 Rb8 39.Ne4 c2 40.Rc1 Rb1  0-1

[Event "Hastings Challengers9091"]
[Site "Hastings"]
[Date "1990.??.??"]
[Round "?"]
[White "Szekely, Peter"]
[Black "Gallagher, Joseph G"]
[Result "1/2-1/2"]
[WhiteElo "2420"]
[BlackElo "2495"]

1.Nf3 Nf6 2.c4 g6 3.g3 Bg7 4.Bg2 O-O 5.d4 d6 6.Nc3 Nbd7 7.O-O e5 8.e4 exd4
9.Nxd4 Re8 10.h3 a6 11.Be3 Rb8 12.Rc1 c5 13.Nde2 b5 14.cxb5 axb5 15.Qxd6 b4
16.Na4 Bf8 17.Qd3 Qa5 18.b3 Ba6 19.Qc2 Rbc8 20.Nb2 Bxe2 21.Qxe2 Nxe4 22.Bxe4 Rxe4
23.Nc4 Qa6 24.Rfe1 Ree8 25.Rcd1 Nf6 26.Nd6 Qxe2 27.Rxe2 Bxd6 28.Rxd6 Ne4  1/2-1/2

[Event "Helsinki"]
[Site "Helsinki"]
[Date "1990.??.??"]
[Round "11"]
[White "Vladimirov, Evgeny"]
[Black "Pein, Malcolm"]
[Result "1-0"]
[WhiteElo "2565"]
[BlackElo "2420"]

1.Nf3 Nf6 2.g3 g6 3.c4 Bg7 4.Bg2 O-O 5.O-O d6 6.d4 c6 7.Nc3 Qa5 8.e4 e5 9.Qc2 exd4
10.Nxd4 Re8 11.Rd1 Na6 12.Bf4 Qc5 13.Na4 Qh5 14.Bxd6 Bh3 15.f3 Rad8 16.e5 Nd7
17.Bxh3 Qxh3 18.f4 f6 19.Nf3 fxe5 20.c5 h6 21.fxe5 Qh5 22.Qc4+ Kh8 23.g4 Qh3
24.Rd3 Ndxc5 25.Nxc5 Rxd6 26.Ng5 Qh4 27.Nf7+ Kh7 28.Nxd6 Rxe5 29.Nce4 Rd5  1-0

[Event "HUN-ch (Women)"]
[Site "?"]
[Date "1990.??.??"]
[Round "6"]
[White "Ivanka Budinsky, Maria"]
[Black "Sziva, Erika"]
[Result "1-0"]
[WhiteElo "2265"]
[BlackElo "2260"]

1.Nf3 Nf6 2.g3 g6 3.c4 Bg7 4.Bg2 O-O 5.O-O c5 6.Nc3 Nc6 7.d4 d6 8.e3 Rb8
9.b3 d5 10.cxd5 Nxd5 11.Nxd5 Qxd5 12.Ne5 Qe6 13.Nxc6 bxc6 14.Ba3 cxd4 15.exd4 Qd7
16.Rc1 Bb7 17.Bc5 Rfe8 18.Qc2 Bxd4 19.Rfd1 e5 20.Bxa7 Ra8 21.Bxd4 exd4 22.a4 c5
23.Qxc5 Rac8 24.Qb5 Qxb5 25.axb5 Bxg2 26.Rxc8 Rxc8 27.Kxg2 Rc3 28.Rxd4 Rxb3
29.Rd8+ Kg7 30.Rb8 h5 31.h4 Kf6 32.b6 Kg7 33.Kf1 Rb2 34.Ke1 f6 35.f3 g5 36.hxg5 fxg5
37.Kf1 Rb4 38.b7 Rb2 39.f4 g4 40.f5 Rb6 41.Ke2 Kh7 42.f6 Rxf6 43.Re8  1-0

[Event "Balkaniad"]
[Site "Kavala"]
[Date "1990.??.??"]
[Round "4"]
[White "Velikov, Petar"]
[Black "Grivas, Efstratios"]
[Result "1/2-1/2"]
[WhiteElo "2495"]
[BlackElo "2445"]

1.Nf3 Nf6 2.c4 g6 3.g3 Bg7 4.Bg2 O-O 5.O-O d6 6.d4 Nbd7 7.Qc2 e5 8.Rd1 Re8
9.Nc3 c6 10.e4 Qe7 11.b3 exd4 12.Nxd4 Nc5 13.f3 Nfd7 14.h3 h5 15.Rb1 a5 16.Nde2 Ne5
17.Be3 Bxh3 18.Bxh3 Nxf3+ 19.Kg2 Ng5 20.Bxg5 Qxg5 21.Qd2 Qxd2 22.Rxd2 Nxe4
23.Nxe4 Rxe4 24.Ng1 a4 25.Re2 Rxe2+ 26.Nxe2 axb3 27.axb3 Ra2 28.Kf1 f5 29.Bg2 Be5
30.b4 Rc2 31.b5 Rxc4 32.bxc6 bxc6 33.Rb6 Kg7 34.Rxc6 Rxc6 35.Bxc6 g5  1/2-1/2

[Event "Kecskemet"]
[Site "Kecskemet"]
[Date "1990.??.??"]
[Round "9"]
[White "Stangl, Markus"]
[Black "Reeh, Oliver"]
[Result "1/2-1/2"]
[WhiteElo "2405"]
[BlackElo "2425"]

1.Nf3 Nf6 2.c4 g6 3.g3 Bg7 4.Bg2 O-O 5.O-O d6 6.d4 Nc6 7.Nc3 Bf5 8.b3 Ne4
9.Bb2 Nxc3 10.Bxc3 Be4 11.Qd2 d5 12.Rfd1 a5 13.Qe3 a4 14.Bb2 Ra6 15.Bf1 axb3
16.axb3 Rxa1 17.Bxa1 Qd6 18.Nd2 Bc2 19.Re1 dxc4 20.Rc1 cxb3 21.Nxb3 Bxb3
22.Qxb3 Nxd4 23.Bxd4 Bxd4 24.Qxb7 Bb6 25.Qc6 Qe5 26.Rd1 e6 27.e3 h5 28.Bg2 h4
29.Qe4 Qxe4 30.Bxe4 hxg3 31.hxg3 Bc5 32.Ra1 f5 33.Bc6 Kf7 34.Ra8 Rxa8 35.Bxa8 g5
36.Kf1 g4 37.Ke2 Ke7 38.Bc6 Kd6 39.Ba4 Bb4 40.Bb3 c5 41.Bc4 Ba5 42.Ba6 Ke5
43.Bc4 Kf6 44.Bb3 e5 45.Bc4 Bc7 46.Bb3 f4 47.exf4 exf4 48.gxf4 Bxf4 49.Bc4  1/2-1/2

[Event "JUG-sf"]
[Site "Kladovo"]
[Date "1990.??.??"]
[Round "10"]
[White "Lalic, Dragan"]
[Black "Ljubicic, Filip"]
[Result "1-0"]
[WhiteElo "2345"]
[BlackElo "2335"]

1.Nf3 Nf6 2.c4 g6 3.g3 Bg7 4.Bg2 O-O 5.O-O d6 6.d4 Nbd7 7.Qc2 e5 8.Rd1 Qe7
9.Nc3 c6 10.b3 Re8 11.d5 c5 12.e4 Rf8 13.Bb2 h6 14.Nd2 Nh5 15.Rf1 f5 16.exf5 gxf5
17.f4 exf4 18.gxf4 Qe3+ 19.Kh1 Nxf4 20.Rf3 Nxg2 21.Rxe3 Nxe3 22.Qb1 Ne5 23.Nb5 Rf6
24.Nc7 Rb8 25.Ne8 Rg6 26.Nxg7 Rxg7 27.Qe1 Nc2 28.Qh4 Nxa1 29.Qd8+ Kh7 30.Qxd6 Nd7
31.Bxg7 Kxg7 32.Nf3 Ra8 33.Ne5 Nxe5 34.Qxe5+ Kf7 35.Qc7+ Kf6 36.d6 Nc2 37.Qd8+ Ke5
38.d7 Bxd7 39.Qxa8 Bc6+ 40.Kg1 Nd4 41.Qh8+ Ke4 42.Kf2 Nf3 43.Qxh6 f4 44.Qg6+ Kd4
45.Qg4 Ke5 46.h4 Nd2 47.Qg5+ Ke4 48.h5 Nf3 49.Qg6+  1-0

[Event "Metz op"]
[Site "Metz"]
[Date "1990.??.??"]
[Round "2"]
[White "Mednis, Edmar John"]
[Black "Rechel, Bernd"]
[Result "0-1"]
[WhiteElo "2440"]
[BlackElo "2285"]

1.c4 Nf6 2.g3 g6 3.Bg2 Bg7 4.Nf3 O-O 5.O-O d6 6.Nc3 e5 7.d3 Re8 8.Qc2 a5
9.Rb1 Nc6 10.a3 Bg4 11.h3 Bxf3 12.exf3 Nd4 13.Qd1 c6 14.f4 Ne6 15.fxe5 dxe5
16.b4 axb4 17.axb4 Qd6 18.c5 Qc7 19.Be3 Bf8 20.Qc2 Rad8 21.Rfd1 h5 22.Ne2 Nd5
23.Bxd5 Rxd5 24.d4 exd4 25.Nxd4 Nxd4 26.Rxd4 Rxd4 27.Bxd4 h4 28.g4 Qf4 29.Ba1 Bg7
30.Bxg7 Kxg7 31.Qc3+ Qe5 32.Qf3 Re6 33.Rd1 Rf6 34.Qd3 Rf4 35.Rb1 Rd4 36.Qf3 Rf4
37.Qd3 Qe4 38.Qxe4 Rxe4 39.Kg2 Rc4 40.Rb3 Kf6 41.Rf3+ Kg7 42.Rb3 Kf6 43.Rf3+ Ke6
44.Re3+ Kd5 45.Re7 Rxb4 46.Rxf7 Kxc5 47.Rg7 b5 48.Rxg6 Rd4 49.Rg8 Kc4 50.g5 b4
51.Kf3 Rd5 52.Kf4 Rb5 53.g6 Rb7 54.Re8 b3 55.Re1 b2 56.Rb1 Kb3 57.Ke5 c5
58.Kd5 Rg7 59.Rg1 c4 60.f4 c3 61.f5 c2 62.f6 Rxg6 63.Rxg6 c1=Q 64.f7 Qc4+  0-1

[Event "Metz op"]
[Site "Metz"]
[Date "1990.??.??"]
[Round "4"]
[White "Adrian, Claude"]
[Black "Ristic, N."]
[Result "0-1"]
[WhiteElo "2255"]
[BlackElo "2415"]

1.c4 Nf6 2.Nf3 g6 3.g3 Bg7 4.Bg2 O-O 5.d4 c6 6.Nc3 d6 7.O-O Qa5 8.h3 Be6
9.Nd2 Qa6 10.d5 Bd7 11.e4 Rc8 12.Re1 e5 13.c5 dxc5 14.Bf1 b5 15.a4 c4 16.b3 cxd5
17.exd5 Qa5 18.Bb2 b4 19.Nxc4 Rxc4 20.bxc4 bxc3 21.Ba3 Na6 22.Bd6 e4 23.Be5 Nc5
24.Qc2 Nxa4 25.Reb1 e3 26.fxe3 Qc5 27.Bd4 Qc7 28.Rxa4 Qxg3+ 29.Bg2 Bf5 30.Qxc3 Bxh3
31.Qb2 Ng4 32.Bxg7 Qh2+ 33.Kf1 Bxg2+ 34.Ke2 Be4+ 35.Ke1 Qg1+ 36.Kd2 Qxe3+  0-1

[Event "Metz op"]
[Site "Metz"]
[Date "1990.??.??"]
[Round "7"]
[White "Pytel, Krzysztof"]
[Black "Ghitescu, Theodor"]
[Result "1/2-1/2"]
[WhiteElo "2400"]
[BlackElo "2415"]

1.Nf3 Nf6 2.c4 g6 3.g3 Bg7 4.Bg2 O-O 5.d4 d6 6.O-O Nc6 7.Nc3 Bg4 8.h3 Bxf3
9.Bxf3 Nd7 10.e3 e5 11.dxe5 Ndxe5 12.Be2 Nd7 13.Bd2 Re8 14.Rb1 f5 15.Bf3 Nf6
16.Bg2 Rb8 17.Qc2 Ne5 18.b3 Qd7 19.Rbd1 c6 20.Bc1 Rbd8 21.Rfe1 Nf7 22.e4 Nxe4
23.Nxe4 fxe4 24.Rxe4 Rxe4 25.Qxe4 Re8 26.Qd3 Qe7 27.Be3 a6 28.h4 Qe6 29.Bf4 Bf8
30.Qe3 Qc8 31.Qc1 Qf5 32.Re1 Rxe1+ 33.Qxe1 Ne5 34.Qe2 Bg7 35.Be4 Qe6 36.Bg2 Qf5
37.Bg5 Bf8 38.Be4 Qe6 39.Bf4 Bg7 40.h5 gxh5 41.Qxh5 Ng6 42.Bf5 Qe1+ 43.Kg2 Nxf4+
44.gxf4 h6 45.Qg6 Qe7 46.Qe6+ Qxe6 47.Bxe6+ Kf8 48.Bc8 a5 49.Bxb7 c5  1/2-1/2

[Event "Metz op"]
[Site "Metz"]
[Date "1990.??.??"]
[Round "8"]
[White "Spassov, Liuben"]
[Black "Ristic, N."]
[Result "1-0"]
[WhiteElo "2400"]
[BlackElo "2415"]

1.Nf3 Nf6 2.g3 g6 3.Bg2 Bg7 4.c4 O-O 5.O-O d5 6.cxd5 Nxd5 7.d4 Nb6 8.Nc3 Nc6
9.d5 Bxc3 10.bxc3 Nxd5 11.Qc2 Qd6 12.e4 Nb6 13.Rd1 Qc5 14.h3 Be6 15.Be3 Qa5
16.a4 Rfd8 17.Nd4 Bc4 18.Bf4 e5 19.Nxc6 bxc6 20.Bg5 Rxd1+ 21.Rxd1 Qxa4 22.Qc1 Qa5
23.Be7 Re8 24.Qh6 Nd5 25.Rxd5  1-0

[Event "Meudon"]
[Site "Meudon"]
[Date "1990.??.??"]
[Round "4"]
[White "Morales"]
[Black "San Marco, Bruno"]
[Result "1-0"]
[WhiteElo "2325"]
[BlackElo "2285"]

1.Nf3 Nf6 2.c4 g6 3.g3 Bg7 4.Bg2 O-O 5.O-O Nc6 6.Nc3 e5 7.d3 d6 8.Rb1 a5
9.a3 Nd4 10.Nd2 c6 11.e3 Nf5 12.Nde4 Ne7 13.b4 axb4 14.axb4 Ne8 15.Qb3 f5
16.Nd2 Be6 17.b5 Nf6 18.Ba3 Qc7 19.Rfe1 Rfe8 20.d4 Bf7 21.Nf3 exd4 22.Nxd4 Kh8
23.Rec1 Ng4 24.Nf3 Ne5 25.Nxe5 dxe5 26.Bxe7 Rxe7 27.bxc6 bxc6 28.Nb5 cxb5
29.Bxa8 Bxc4 30.Rxc4 Qd8 31.Qxb5 Qxa8 32.Qb8+ Re8 33.Qb6 Qd8 34.Rc7 f4 35.Rbc1 fxe3
36.Qxe3 e4 37.Qa7 e3 38.fxe3 Qd2 39.Rc8 Rd8 40.Rxd8+ Qxd8 41.Rb1  1-0

[Event "Moscow4"]
[Site "Moscow"]
[Date "1990.??.??"]
[Round "?"]
[White "Vadasz, Laszlo"]
[Black "Kozlov, Vladimir N"]
[Result "1/2-1/2"]
[WhiteElo "2395"]
[BlackElo "2375"]

1.Nf3 Nf6 2.c4 g6 3.g3 Bg7 4.Bg2 O-O 5.d4 d6 6.O-O c6 7.Nc3 a6 8.e4 b5 9.e5 Ne8
10.Qe2 bxc4 11.Qxc4 d5 12.Qe2 a5 13.Rd1 a4 14.Bf4 Nc7 15.Qd2 Ne6 16.Bh6 Qa5
17.Bxg7 Kxg7 18.Ne1 Nd7 19.Nc2 Nb6 20.b4 Qa7 21.Ne3 Ba6 22.h4 Nc4 23.Nxc4 Bxc4  1/2-1/2

[Event "Goldberg mem"]
[Site "Moscow"]
[Date "1990.??.??"]
[Round "3"]
[White "Berkovich, Mark A"]
[Black "Doghri, Nabil"]
[Result "1-0"]
[WhiteElo "2330"]
[BlackElo "2280"]

1.Nf3 Nf6 2.g3 g6 3.c4 Bg7 4.Bg2 O-O 5.O-O d6 6.Nc3 e5 7.d3 c6 8.Bd2 Re8
9.e4 Nbd7 10.b4 d5 11.exd5 cxd5 12.cxd5 Nb6 13.Qb3 Nfxd5 14.Ng5 Nxc3 15.Qxf7+ Kh8
16.Bxc3 Rf8 17.Bxe5 Rxf7 18.Nxf7+ Kg8 19.Nxd8 Bxe5 20.Rae1 Bc3 21.Re8+ Kg7
22.Rc1 Bxb4 23.Rc7+  1-0

[Event "Muenster IM"]
[Site "Muenster"]
[Date "1990.??.??"]
[Round "3"]
[White "Padevsky, Nikola"]
[Black "Beckemeier, Werner"]
[Result "0-1"]
[WhiteElo "2425"]
[BlackElo "2345"]

1.Nf3 Nf6 2.c4 g6 3.g3 Bg7 4.Bg2 O-O 5.O-O c6 6.d4 d5 7.b3 Ne4 8.Bb2 Qa5
9.Qc1 Be6 10.Nbd2 Nd7 11.Nxe4 dxe4 12.Nd2 f5 13.e3 Bf7 14.f3 exf3 15.Nxf3 e5
16.Ng5 exd4 17.Nxf7 Rxf7 18.exd4 Re8 19.d5 Ne5 20.Qc2 Ng4 21.Bxg7 Rxg7 22.Kh1 Rge7
23.dxc6 Re2 24.Qd3 bxc6 25.Qf3 Qb6 26.h3 Nf2+ 27.Kh2 R8e3 28.Qf4 Nd3 29.Qd6 Rxg2+
30.Kxg2 Re2+ 31.Kh1 Qe3 32.Rf4 Qxg3 33.Qd8+ Kg7  0-1

[Event "Nea Makri zt"]
[Site "Nea Makri"]
[Date "1990.??.??"]
[Round "?"]
[White "Oney, Feridun"]
[Black "Barlov, Dragan"]
[Result "1-0"]
[WhiteElo "2320"]
[BlackElo "2520"]

1.Nf3 Nf6 2.g3 g6 3.Bg2 Bg7 4.c4 O-O 5.O-O c6 6.d4 d6 7.Nc3 Qa5 8.h3 Be6
9.d5 cxd5 10.Nd4 Bd7 11.cxd5 Rc8 12.Nb3 Qd8 13.Be3 Be8 14.Bd4 Nbd7 15.a4 a5
16.Qd3 Nh5 17.e3 Ne5 18.Qe2 Qc7 19.g4 Nf6 20.f4 Nc4 21.Rfc1 Qd8 22.Bf1 Nd7
23.Qf2 Ncb6 24.Bxg7 Kxg7 25.Qd2 Nc5 26.Nxa5 Rxa5 27.b4 Nb3 28.Qb2 Nxa1 29.bxa5 Nd7  1-0

[Event "Novi Sad ol (Men)"]
[Site "Novi Sad"]
[Date "1990.??.??"]
[Round "2"]
[White "Santacruz, Francisco"]
[Black "Chola, Stanley"]
[Result "1-0"]
[WhiteElo "2300"]
[BlackElo "2235"]

1.Nf3 Nf6 2.c4 g6 3.g3 Bg7 4.Bg2 O-O 5.O-O d6 6.d4 Nc6 7.d5 Na5 8.Nbd2 c5
9.e4 e5 10.dxe6 Bxe6 11.Qc2 Nc6 12.Rd1 Qc7 13.h3 a6 14.Nf1 Nb4 15.Qe2 b5
16.Ne3 Rab8 17.a3 Nc6 18.Nd5 Bxd5 19.cxd5 Na5 20.Qc2 Rfe8 21.Nd2 Nd7 22.Rb1 b4
23.b3 Qa7 24.a4 Ne5 25.Bf1 Rec8 26.Kg2 c4 27.Nxc4 Nexc4 28.Bxc4 Nxc4 29.bxc4 Qc5
30.Bf4 a5 31.Rdc1 Bc3 32.Rb3 Qc7 33.Qd3 f6 34.Bd2 Qxc4 35.Qxc4 Rxc4 36.Rcxc3 bxc3
37.Rxb8+ Kf7 38.Bc1 Rxe4 39.Rc8 Rxa4 40.Rxc3 Rd4 41.Rc7+ Ke8 42.Rxh7 Rxd5
43.Be3 Rd3 44.Ra7 Ra3 45.g4 d5 46.Bc5 Ra2 47.h4 Ra4 48.Kg3 d4 49.Re7+ Kd8
50.Re4 Kc7 51.Rxd4 Ra1 52.Rf4 g5 53.Rxf6 Rg1+ 54.Kf3 gxh4 55.Bb6+ Kd7 56.Bxa5 h3
57.Rh6 Rh1 58.Bd2  1-0

[Event "Novi Sad ol (Men)"]
[Site "Novi Sad"]
[Date "1990.??.??"]
[Round "3"]
[White "Sosa Harrison, Jorge"]
[Black "Wittmann, Walter"]
[Result "1-0"]
[WhiteElo "2225"]
[BlackElo "2410"]

1.Nf3 Nf6 2.g3 g6 3.Bg2 Bg7 4.c4 O-O 5.O-O c5 6.Nc3 Nc6 7.d4 cxd4 8.Nxd4 Nxd4
9.Qxd4 d6 10.Qd3 Be6 11.Be3 Qd7 12.Bd4 Rfc8 13.b3 Bh3 14.Bxh3 Qxh3 15.Bxf6 Bxf6
16.Nd5 Qe6 17.Rad1 Bg7 18.f4 f5 19.e4 fxe4 20.Rfe1 Qf7 21.Qxe4 e5 22.Rf1 Re8
23.f5 Rad8 24.f6 Bf8 25.g4 Rc8 26.a4 Rc6 27.h4 Rec8 28.Rd3 a6 29.Nc3 Rc5
30.g5 Kh8 31.Rfd1 Qe6 32.Kg2 Qf7 33.Rh1 h5 34.Rhd1 Kh7 35.Rd5 R5c7 36.Ne2 Rc5
37.Rxc5 Rxc5 38.Rd5 Rxd5 39.Qxd5 Qd7 40.Ng3 Qc6 41.Kf3 Qxd5+ 42.cxd5 Kg8
43.Ke4 Kf7 44.Kd3 Ke8 45.Kc4 Kf7 46.Kb4 b6 47.a5 b5 48.Kc3 Ke8 49.Kd3 Kf7
50.Ne4 Ke8 51.Nc3 Kd7 52.Na2 Kc7 53.Nb4 Kb7 54.Ke4  1-0

[Event "Novi Sad ol (Men)"]
[Site "Novi Sad"]
[Date "1990.??.??"]
[Round "3"]
[White "Cvitan, Ognjen"]
[Black "Yrjola, Jouni"]
[Result "1/2-1/2"]
[WhiteElo "2515"]
[BlackElo "2510"]

1.Nf3 Nf6 2.c4 g6 3.g3 Bg7 4.Bg2 O-O 5.O-O c5 6.d4 Nc6 7.Nc3 cxd4 8.Nxd4 Ng4
9.e3 d6 10.h3 Nxd4 11.exd4 Nh6 12.Bxh6 Bxh6 13.Re1 Bg7 14.Qd2 Rb8 15.Rac1 Re8
16.Nd5 Bd7 17.b4 e6 18.Ne3 Qf6 19.d5 Qd4 20.Red1 Qxd2 21.Rxd2 Bh6 22.Rc3 b5
23.dxe6 Bxe6 24.Bc6 Rec8 25.cxb5 Rxb5 26.Bxb5 Rxc3 27.Rxd6 Bxe3 28.fxe3 Rxe3
29.Ra6 Rxg3+ 30.Kf2 Rxh3 31.a3 h5 32.Rxa7 Rb3 33.Bc6 g5 34.Ra5 g4 35.Rxh5 Rxa3
36.Bd5 Bxd5 37.Rxd5 f6 38.Rd4 g3+ 39.Kg2 Rb3 40.Rg4+  1/2-1/2

[Event "Novi Sad ol (Men)"]
[Site "Novi Sad"]
[Date "1990.??.??"]
[Round "11"]
[White "Djuric, Stefan"]
[Black "Fedorowicz, John P"]
[Result "0-1"]
[WhiteElo "2515"]
[BlackElo "2565"]

1.Nf3 Nf6 2.c4 g6 3.g3 Bg7 4.Bg2 O-O 5.O-O d6 6.Nc3 Nc6 7.d3 e5 8.Rb1 a5
9.a3 Re8 10.Bg5 h6 11.Bxf6 Bxf6 12.Nd2 Bg7 13.e3 Ne7 14.b4 axb4 15.axb4 e4
16.d4 f5 17.Qb3 Kh8 18.Ra1 Rb8 19.b5 Ng8 20.Nd5 Nf6 21.b6 c6 22.Nxf6 Qxf6
23.Ra7 Be6 24.Qa4 Qd8 25.Qa5 Bg8 26.Rc1 Bh7 27.c5 d5 28.Nb3 g5 29.Qd2 Re7
30.Na5 Qe8 31.Ra1 Bg8 32.Qc2 f4 33.Bf1 Bf8 34.Qd2 Rf7 35.Bh3 h5 36.exf4 gxf4
37.Nxb7 e3 38.fxe3 fxe3 39.Qe2 Rfxb7 40.Rxb7 Rxb7 41.Ra7 Rb8 42.Bd7 Qg6 43.Qxe3 Bg7
44.Kg2 Qc2+ 45.Kh3 Qd1 46.Qf4 Rf8 47.Bf5 Be6 48.Rxg7 Bxf5+ 49.Kh4 Kxg7 50.h3  0-1

[Event "Novi Sad ol (Men)"]
[Site "Novi Sad"]
[Date "1990.??.??"]
[Round "12"]
[White "Kamuhangire, Silver"]
[Black "Khechen, Nabil E"]
[Result "0-1"]
[WhiteElo "2255"]
[BlackElo "2250"]

1.Nf3 Nf6 2.c4 g6 3.g3 Bg7 4.Bg2 O-O 5.Nc3 d6 6.O-O c6 7.d4 Nbd7 8.e4 e5
9.Be3 Ng4 10.Bg5 Qc7 11.d5 h6 12.dxc6 Nb6 13.cxb7 Qxb7 14.Bc1 Nxc4 15.b3 Nb6
16.Qxd6 Be6 17.Qd2 Rfd8 18.Qe2 a5 19.Rb1 Qc8 20.Bd2 a4 21.Rfc1 axb3 22.axb3 Qb8
23.Nb5 Ra2 24.Nc3 Ra3 25.h3 Nf6 26.b4 Bc4 27.Qe1 Bd3 28.Ra1 Rb3 29.b5 Bxb5
30.Nxb5 Rxb5 31.Ra2 Nbd7 32.Rac2 Rb7 33.Ba5 Re8 34.Nd2 Nf8 35.Bc7 Qa8 36.Qe3 N6d7
37.f4 exf4 38.gxf4 Ne6 39.e5 Qa7 40.Kf2 Nxf4 41.Bxb7 Nd3+ 42.Ke2 Nxc1+ 43.Rxc1 Qxb7
44.Nf3 Nxe5 45.Nxe5 Bxe5 46.Rc5 Qa6+ 47.Kd2 Qa2+ 48.Rc2 Qd5+ 49.Qd3 Qxd3+
50.Kxd3 Bxc7 51.Rxc7 g5 52.Kd4 Kg7 53.Kd3 Re6 54.Kd2 Kg6 55.Kd3 f5 56.Kd2 f4
57.Rc3 Kh5 58.Ra3 Re3 59.Rxe3 fxe3+ 60.Kxe3 Kh4 61.Kf2 Kxh3 62.Kg1 g4  0-1

[Event "Novi Sad ol (Men)"]
[Site "Novi Sad"]
[Date "1990.??.??"]
[Round "12"]
[White "Morovic Fernandez, Ivan"]
[Black "Cvitan, Ognjen"]
[Result "1/2-1/2"]
[WhiteElo "2530"]
[BlackElo "2515"]

1.Nf3 Nf6 2.c4 g6 3.g3 Bg7 4.Bg2 O-O 5.O-O d5 6.d4 c6 7.Qb3 a5 8.cxd5 a4
9.Qa3 cxd5 10.Ne5 e6 11.Be3 Nfd7 12.f4 Nc6 13.Nd2 Ndxe5 14.fxe5 f6 15.exf6 Bxf6
16.Nf3 Bg7 17.Rad1 Bd7 18.Bh3 e5 19.Bxd7 Qxd7 20.dxe5 Nxe5 21.Nxe5 Bxe5 22.Bh6 Bg7
23.Bxg7 Kxg7 24.Qc3+ Kg8 25.Rxf8+ Rxf8 26.Qd4 Re8 27.e4 Qd6 28.Qxd5+ Qxd5
29.exd5 Kf7 30.Rf1+ Kg7 31.Rf4 b5 32.Kf2 Re5 33.Rd4 Kf7 34.d6 Ke8 35.d7+ Kd8
36.Kf3 Rc5 37.Rd2 Rc4 38.Ke3 h5 39.h3 h4 40.Kf3 a3 41.gxh4 Rxh4 42.Kg3 axb2
43.Rxb2 Ra4 44.Rxb5 Rxa2 45.Rb6 Kxd7 46.Rxg6 Ke7 47.Kh4 Ra5  1/2-1/2

[Event "Novi Sad ol (Men)"]
[Site "Novi Sad"]
[Date "1990.??.??"]
[Round "14"]
[White "McNab, Colin Anderson"]
[Black "Miralles, Gilles"]
[Result "1/2-1/2"]
[WhiteElo "2385"]
[BlackElo "2460"]

1.Nf3 Nf6 2.c4 g6 3.g3 Bg7 4.Bg2 O-O 5.O-O d5 6.cxd5 Nxd5 7.Nc3 Nb6 8.d4 Nc6
9.e3 Re8 10.Qe2 e5 11.dxe5 Nxe5 12.Nxe5 Bxe5 13.Rd1 Qe7 14.f4 Bd6 15.e4 Bc5+
16.Kh1 f6 17.b3 c6 18.Bb2 Be6 19.Qc2 Rad8 20.Ne2 Ba3 21.Bxa3 Qxa3 22.Rxd8 Rxd8
23.Qc3 Qe7 24.Re1 Bf7 25.Nd4 Nd7 26.Rc1 Nf8 27.h3 Rd6 28.Re1 Qd8 29.Nf3 Rd3
30.Qc5 a5 31.Qf2 a4 32.bxa4 Qa5 33.Rb1 Qxa4 34.Rxb7 Qxa2 35.Qxa2 Bxa2 36.Rb2 Be6
37.Rc2 Bd7 38.Kh2 Ne6 39.e5 f5 40.Rc4 Rd1 41.Ng5 Rd2 42.Nf3 Rd1 43.Rc2 h6
44.h4 Kg7 45.Ng1 g5 46.hxg5  1/2-1/2

[Event "Nuremberg op"]
[Site "Nuremberg"]
[Date "1990.??.??"]
[Round "5"]
[White "Velickovic, Zoran"]
[Black "Barlov, Dragan"]
[Result "0-1"]
[WhiteElo "2300"]
[BlackElo "2520"]

1.Nf3 Nf6 2.g3 g6 3.c4 Bg7 4.Bg2 O-O 5.O-O d6 6.Nc3 c6 7.d3 e5 8.Rb1 h6 9.b4 Re8
10.b5 d5 11.bxc6 bxc6 12.cxd5 cxd5 13.Ba3 Nc6 14.Nb5 Bg4 15.Qa4 e4 16.dxe4 dxe4
17.Rfd1 Qa5 18.Qxa5 Nxa5 19.Nfd4 Nc4 20.Bc5 Rec8 21.Bxa7 Na3 22.Nxa3 Rxa7
23.Ndb5 Ra5 24.Nd6 Rc6 25.Nac4 Rac5 26.f3 exf3 27.Bxf3 Rxc4 28.Nxc4 Rxc4
29.Bxg4 Nxg4 30.Rd8+ Kh7 31.Rb7 Ne5 32.Ra8 h5 33.a4 Bh6 34.Kg2 Rc2 35.Re8 Bg7
36.Kf1 Rc1+ 37.Kg2 Re1 38.Kf2 Ra1 39.Ra8 g5 40.a5 Kg6 41.Re7 Nc4 42.a6 Bd4+
43.Kf3 Nd2+  0-1

[Event "Orange op"]
[Site "Orange"]
[Date "1990.??.??"]
[Round "1"]
[White "Serreau, D."]
[Black "Georgiev, Krum"]
[Result "0-1"]
[WhiteElo "1790"]
[BlackElo "2455"]

1.Nf3 g6 2.c4 Bg7 3.g3 Nf6 4.Bg2 O-O 5.O-O d6 6.Nc3 c6 7.d4 a6 8.e4 Nfd7
9.Be3 b5 10.cxb5 axb5 11.Qd2 Nb6 12.b3 Bb7 13.Bh6 N8d7 14.Bxg7 Kxg7 15.Rfe1 e5
16.dxe5 dxe5 17.Rad1 Qe7 18.Qb2 f6 19.h4 Qa3 20.Qxa3 Rxa3 21.Rd2 Rfa8 22.Ree2 Nc5
23.Ne1 b4 24.Nb1 R3a5 25.Rc2 Ne6 26.Nf3 c5  0-1

[Event "Paris-ch"]
[Site "Paris"]
[Date "1990.??.??"]
[Round "?"]
[White "Hawelko, Marek"]
[Black "Moingt, Jean Claude"]
[Result "1/2-1/2"]
[WhiteElo "2410"]
[BlackElo "2265"]

1.Nf3 Nf6 2.c4 g6 3.g3 Bg7 4.Bg2 O-O 5.d4 d6 6.O-O c5 7.Nc3 Nc6 8.d5 Na5
9.Nd2 Rb8 10.Rb1 e6 11.b3 exd5 12.cxd5 b5 13.Qc2 b4 14.Nd1 Re8 15.e4 Ba6
16.Nc4 Nxc4 17.bxc4 Nd7 18.Bb2 Bxb2 19.Rxb2 Ne5 20.Ne3 Qf6 21.Rfb1 Rbd8 22.a3 bxa3
23.Ra2 Nf3+ 24.Kh1 Bc8 25.Rxa3 Re5 26.Rxa7 Rh5 27.Nf1 Bg4 28.Qb2 Nd4 29.f4 g5
30.Ne3 Bf3 31.Bxf3 Nxf3 32.Ng4 Qxb2 33.Rxb2 Kg7 34.Rbb7 gxf4 35.Rxf7+ Kh8
36.Rxf4 Nd2 37.Rff7 Nxe4 38.Rae7 Ng5 39.Rf5 Rb8 40.Nf6 Rb1+ 41.Kg2 Rb2+ 42.Kf1 Rhxh2
43.Re8+ Kg7 44.Rg8+ Kf7 45.Ng4+ Kxg8 46.Rxg5+ Kf7 47.Nxh2 Rxh2 48.Rf5+ Ke7
49.Rf4 Rc2  1/2-1/2

[Event "World op"]
[Site "Philadelphia"]
[Date "1990.??.??"]
[Round "7"]
[White "Lein, Anatoly"]
[Black "Chase, Christopher"]
[Result "1-0"]
[WhiteElo "2485"]
[BlackElo "2280"]

1.Nf3 Nf6 2.c4 g6 3.g3 Bg7 4.Bg2 O-O 5.O-O d6 6.d4 Nc6 7.Nc3 a6 8.b3 Rb8
9.a4 a5 10.Bb2 Bd7 11.Qd2 e5 12.dxe5 dxe5 13.Rfd1 Re8 14.Nd5 Bg4 15.h3 Bf5
16.Rac1 Qc8 17.Kh2 Ne4 18.Qe3 Bf8 19.c5 Nb4 20.Nxb4 axb4 21.g4  1-0